Normal view
MARC view
- ميرسر،سيسيل تأليف/ميرسر،آن م.مشارك/الجمال،رضا مسعد ترجمة/الزريقات،إبراهيم عبدالله ترجمة
Entry Personal Name
001 - CONTROL NUMBER
- control field: 23190
003 - CONTROL NUMBER IDENTIFIER
- control field: JO-AjAnu
005 - DATE AND TIME OF LATEST TRANSACTION
- control field: 20230606074006.0
008 - FIXED-LENGTH DATA ELEMENTS
- fixed length control field: 230606|| aca||aabn | a|a d
040 ## - CATALOGING SOURCE
- Original cataloging agency: JO-AjAnu
- Transcribing agency: JO-AjAnu
100 ## - HEADING--PERSONAL NAME
- Personal name: ميرسر،سيسيل تأليف/ميرسر،آن م.مشارك/الجمال،رضا مسعد ترجمة/الزريقات،إبراهيم عبدالله ترجمة
670 ## - SOURCE DATA FOUND
- Source citation: Work cat.: (JO-AjAnu)11919: ميرسر،سيسيل تأليف/ميرسر،آن م.مشارك/الجمال،رضا مسعد ترجمة/الزريقات،إبراهيم عبدالله ترجمة, author, تدريس الطلبة ذوي مشكلات التعلم